[Event "GCT 2021 Saint Louis - Blitz"]
[Site "Saint Louis"]
[Date "15.08.2021"]
[Round "18B"]
[White "Mamedyarov, Shakhriyar"]
[Black "Xiong, Jeffery"]
[Result "1-0"]
[WhiteTitle ""]
[BlackTitle ""]
[WhiteElo "2782"]
[BlackElo "2710"]
[WhiteFideId "13401319"]
[BlackFideId "2047640"]
[EventDate "2021.08.14"]

1. d4 g6 2. e4 Nf6 3. Nc3 d5 4. e5 Ne4 5. Nce2 f6 6. f3 Ng5 7. Be3 Nf7 8. f4 Nh6
9. Nf3 Nc6 10. h3 Nf5 11. Bf2 h5 12. g3 b6 13. Rg1 Ba6 14. c3 Qd7 15. Qc2 O-O-O
16. O-O-O Bh6 17. Kb1 fxe5 18. dxe5 e6 19. g4 hxg4 20. hxg4 Nfe7 21. Bh4 Bxe2
22. Bxe2 Bxf4 23. Bf6 Rh3 24. Qa4 Be3 25. Bb5 a5 26. Nd4 Bxg1 27. Nxc6 1-0

[Event "GCT 2021 Saint Louis - Blitz"]
[Site "Saint Louis"]
[Date "15.08.2021"]
[Round "18B"]
[White "Dominguez Perez, Leinier"]
[Black "Shankland, Sam"]
[Result "1/2-1/2"]
[WhiteTitle ""]
[BlackTitle ""]
[WhiteElo "2758"]
[BlackElo "2709"]
[WhiteFideId "3503240"]
[BlackFideId "2004887"]
[EventDate "2021.08.14"]

1. e4 c5 2. Nf3 d6 3. d4 cxd4 4. Nxd4 Nf6 5. Nc3 Nc6 6. Bg5 e6 7. Qd2 a6 8.
O-O-O Bd7 9. Kb1 Be7 10. Nxc6 Bxc6 11. f3 b5 12. h4 O-O 13. Bd3 b4 14. Ne2 a5
15. Nd4 Bd7 16. g4 a4 17. Be3 b3 18. h5 e5 19. Ne2 h6 20. Nc3 Be6 21. g5 hxg5
22. Bxg5 Kh8 23. cxb3 axb3 24. a3 Rc8 25. Rdg1 Rg8 26. Rg2 Nh7 27. Be3 Bf6 28.
Nd5 Bxd5 29. exd5 Re8 30. Be4 Rc4 31. Bxh7 e4 32. Bxe4 Rexe4 33. Qd3 Rc2 34.
Rxc2 bxc2+ 35. Kxc2 Re5 36. Kb1 Qa8 37. h6 g6 38. Bd4 Qxd5 39. Rd1 Kh7 40. Bxe5
Qxe5 41. Qc2 Qe3 42. Qd2 Qxf3 43. Qxd6 Qb3 44. Qd2 Bxb2 45. Qc2 Qxc2+ 46. Kxc2
Bxa3 47. Rd7 Kxh6 48. Rxf7 Bd6 49. Kd3 Kg5 50. Ke4 Bh2 51. Kd5 Bg3 52. Ke6 Kg4
53. Kf6 g5 54. Kg6 Bf4 55. Rf8 Be3 56. Re8 Bf4 57. Re4 Kf3 58. Kf5 Kg3 59. Ra4
Kf3 60. Rb4 Be3 61. Ra4 Bf4 62. Ra3+ Be3 63. Rxe3+ Kxe3 64. Kxg5 1/2-1/2